Loreto College Library, Kolkata
WEBOPAC (ONLINE PUBLIC ACCESS CATALOGUE)

Urbanization in India (Record no. 2653)

MARC details
000 -LEADER
fixed length control field 00219nam a2200097Ia 4500
008 - FIXED-LENGTH DATA ELEMENTS--GENERAL INFORMATION
fixed length control field 131103s9999 xx 000 0 und d
040 ## - CATALOGING SOURCE
Original cataloging agency Loreto College
041 ## - LANGUAGE CODE
Language code English
245 ## - TITLE STATEMENT | অাখ্যা বিবরণী
Title | অাখ্যা Urbanization in India
942 ## - ADDED ENTRY ELEMENTS (KOHA)
Koha item type Books
Holdings
Withdrawn status Lost status Damaged status Not for loan Home library Current library Date acquired Total Checkouts Accession No. Date last seen Price effective from Koha item type
        Loreto College Loreto College 04/11/2013   B2512 04/11/2013 04/11/2013 Books